The Characiform fishes of the Apure river drainage, Venezuela (Registro nro. 3755)

Detalles MARC
000 -CABECERA
Campo de control 00741nam a2200241 a 4500
005 - FECHA Y HORA DE LA ULTIMA TRANSACCION
Campo de control 20170905114810.0
008 - ELEMENTOS DE LONGITUD FIJA—INFORMACION GENERAL
Campo de control 140312b1992 ve ||||| |||| 00| 0 eng d
020 ## - ISBN
ISBN 9802311316
040 ## - FUENTE DE CATALOGACIÓN
Agencia catalogadora original CO-BoIAVH
Agencia transcriptora CO-BoIAVH
041 ## - IDIOMA
Código de idioma para texto/pista de sonido o título separado Inglés
044 ## - PAÍS DE PUBLICACIÓN
País de publicación Venezuela
082 ## - NUMERO DE CLASIFICACION DECIMAL DEWEY
Número de clasificación 597.48
Número del ítem T17b
100 ## - ASIENTO PRINCIPAL--NOMBRE PERSONAL
Nombre personal Taphorn, Donald C.
9 (RLIN) 20524
245 14 - MENCION DE TITULO
Título The Characiform fishes of the Apure river drainage, Venezuela
260 ## - PUBLICACION, DISTRIBUCION, ETC. (PIE DE IMPRENTA)
Lugar de publicación, distribución, etc. Caracas
Nombre del editor, distribuidor, etc. UNELLEZ
-- Museo de Ciencias Naturales
Fecha de publicación, distribución, etc. 1992
300 ## - DESCRIPCION FISICA
Extensión 537 páginas
Dimensiones 23 x 15 cm
650 14 - ASIENTO SECUNDARIO DE MATERIA - TERMINO TEMATICO
Término temático o nombre geográfico como elemento de entrada Fauna acuática
Subdivisión de forma Peces
Subdivisión geográfica Venezuela
9 (RLIN) 83995
650 14 - ASIENTO SECUNDARIO DE MATERIA - TERMINO TEMATICO
Término temático o nombre geográfico como elemento de entrada Peces
Subdivisión de forma Distribución
9 (RLIN) 83996
650 14 - ASIENTO SECUNDARIO DE MATERIA - TERMINO TEMATICO
Término temático o nombre geográfico como elemento de entrada Characiformes
Subdivisión de forma Habitat
9 (RLIN) 83997
650 14 - ASIENTO SECUNDARIO DE MATERIA - TERMINO TEMATICO
Término temático o nombre geográfico como elemento de entrada Peces
Subdivisión de forma Conservación
9 (RLIN) 83998
942 ## - ELEMENTOS ADICIONALES (KOHA)
Tipo de ítem Libro
Sistema de clasificación Dewey Decimal Classification
945 ## - PROCESAMIENTO LOCAL
AAAA-MM-DD - Fecha de ingreso o modificacion 2004-03-24
Existencias
Withdrawn status Lost status Sistema de Clasificación Damaged status No para préstamo Colección Inventariado Ubicación Permanente Ubicación actual Fecha de adquisición Fuente de Valor Valor Total Checkouts Número topográfico Inventario / Código de Barras Date last seen Ejemplar Price effective from Forma de adquisición Tipo de material
    Dewey Decimal Classification     General Inventariado 2017 Sala Fabio Quevedo Sala Fabio Quevedo 24/03/2004 Instituto 39000.00   LB597.48 T17b 015843 04/12/2012 Ej. 2 04/12/2012 Donación Libro
    Local     Ictiología Inventariado 2017 Villa de Leyva Villa de Leyva 24/03/2004 Instituto 39000.00   LB-03408 015842 18/04/2013 Ej. 1 04/12/2012   Libro